000 00491nam a2200181Ia 4500
005 20250326142552.0
008 250326s9999 xx 000 0 und d
037 _aTextbook
040 _aFMSL
_beng
_cFMSL
041 _aeng
_2eng
084 _qFMSL
100 _aMansen B L
_9746240
245 0 _aQuality control : Theory and application
_cMansen B L
260 _aNew Delhi
_bNew Delhi, Prentice-Hall of India
_c1963
300 _a510p
942 _cTB
999 _c1295631
_d1295631